[Event "Pula op 33rd"]
[Site "Pula"]
[Date "2019.06.28"]
[Round "8"]
[White "Bakker, Guido"]
[Black "Fercec, Nenad"]
[Result "0-1"]
[WhiteElo "2208"]
[BlackElo "2446"]
[PlyCount "42"]
[EventDate "2019.06.22"]
[EventType "swiss"]
[EventRounds "9"]
[EventCountry "CRO"]
[SourceTitle "CBM 191 Extra"]
[Source "ChessBase"]
[SourceDate "2019.09.30"]
[SourceVersion "1"]
[SourceVersionDate "2019.09.30"]
[SourceQuality "1"]

1. d4 Nf6 2. c4 g6 3. Nf3 Bg7 4. g3 b6 5. Bg2 Bb7 6. 0-0 0-0 7. Bf4 d5 8. Ne5 Qc8 9. Nc3 dxc4 10. e4 c5 11. d5 Nh5 12. Nxc4 Nxf4 13. gxf4 Ba6 14. Qb3 Qg4 15. Nb5 Qxf4 16. d6 Nc6 17. Nc7 Nd4 18. Qd3 Bxc4 19. Qxc4 Be5 20. Rfe1 Qxh2+ 21. Kf1 exd6 0-1

[Event "Pula op 33rd"]
[Site "Pula"]
[Date "2019.06.26"]
[Round "6"]
[White "Bakker, Guido"]
[Black "Maier, Christian"]
[Result "0-1"]
[WhiteElo "2208"]
[BlackElo "2299"]
[PlyCount "68"]
[EventDate "2019.06.22"]
[EventType "swiss"]
[EventRounds "9"]
[EventCountry "CRO"]
[SourceTitle "CBM 191 Extra"]
[Source "ChessBase"]
[SourceDate "2019.09.30"]
[SourceVersion "1"]
[SourceVersionDate "2019.09.30"]
[SourceQuality "1"]

1. d4 Nf6 2. c4 d6 3. Nc3 e5 4. e4 exd4 5. Qxd4 Nc6 6. Qd2 g6 7. b3 Bg7 8. Bb2 0-0 9. Bd3 Re8 10. f3 a5 11. Nge2 Ne5 12. Bc2 a4 13. 0-0 a3 14. Bc1 c6 15. Rb1 d5 16. cxd5 cxd5 17. exd5 Bd7 18. Kh1 b5 19. Rd1 b4 20. Ne4 Nxe4 21. Bxe4 Rc8 22. d6 Qb6 23. Nf4 f5 24. Bd5+ Kh8 25. Qe1 g5 26. Be3 Qa6 27. Nh5 Nd3 28. Nxg7 Nxe1 29. Bc4 Rxc4 30. Nxe8 Nxg2 31. Nc7 Qc6 32. Kxg2 Rc2+ 33. Bf2 g4 34. Nd5 Qc5 0-1

[Event "Pula op 33rd"]
[Site "Pula"]
[Date "2019.06.24"]
[Round "4"]
[White "Bakker, Guido"]
[Black "Medak, Bojan"]
[Result "0-1"]
[WhiteElo "2208"]
[BlackElo "2342"]
[PlyCount "78"]
[EventDate "2019.06.22"]
[EventType "swiss"]
[EventRounds "9"]
[EventCountry "CRO"]
[SourceTitle "CBM 191 Extra"]
[Source "ChessBase"]
[SourceDate "2019.09.30"]
[SourceVersion "1"]
[SourceVersionDate "2019.09.30"]
[SourceQuality "1"]

1. d4 d6 2. e4 Nf6 3. Nc3 g6 4. Bg5 Bg7 5. Qd2 h6 6. Bh4 g5 7. Bg3 Nh5 8. 0-0-0 Nc6 9. Nge2 e6 10. f3 Nxg3 11. hxg3 Bd7 12. f4 Qf6 13. e5 dxe5 14. fxe5 Qf5 15. g4 Qxg4 16. g3 Ne7 17. Bg2 Bc6 18. Bh3 Qf3 19. Rh2 Nd5 20. Bg2 Qe3 21. Qxe3 Nxe3 22. Bxc6+ bxc6 23. Re1 c5 24. Nb5 0-0 25. Nxc7 Rac8 26. Na6 Ng4 27. Rhh1 cxd4 28. Nxd4 Nf2 29. Rhf1 Nd3+ 30. Kd2 Nxe1 31. Rxe1 Rfd8 32. c3 Rd5 33. Nb4 Rxe5 34. Rxe5 Bxe5 35. Ndc6 Bd6 36. Nxa7 Ra8 37. Nb5 Bxb4 38. cxb4 Rxa2 39. Kc2 Ra8 0-1

[Event "Dieren op"]
[Site "Dieren"]
[Date "2017.07.25"]
[Round "1"]
[White "Bakker, Guido"]
[Black "Shyam, Sundar M"]
[Result "0-1"]
[WhiteElo "2167"]
[BlackElo "2534"]
[PlyCount "42"]
[EventDate "2017.07.25"]
[EventType "swiss"]
[EventRounds "9"]
[EventCountry "NED"]
[SourceTitle "CBM 179 Extra"]
[Source "ChessBase"]
[SourceDate "2017.08.23"]
[SourceVersion "1"]
[SourceVersionDate "2017.08.23"]
[SourceQuality "1"]

1. d4 Nf6 2. c4 e6 3. Nf3 d5 4. g3 dxc4 5. Bg2 Nbd7 6. 0-0 Rb8 7. Qa4 b5 8. Qxa7 Nd5 9. Ne5 Rb6 10. Nxd7 Qxd7 11. Nc3 Rb7 12. Qa8 c6 13. Nxd5 cxd5 14. Bf4 Be7 15. e4 Ra7 16. Qb8 g5 17. Be5 f6 18. exd5 exd5 19. Rfe1 0-0 20. Re3 fxe5 21. Qxe5 Rf5 0-1

[Event "Leiden Noteboom Memorial 76th"]
[Site "Leiden"]
[Date "2016.02.05"]
[Round "1"]
[White "Bakker, Guido"]
[Black "De Jong, Jan Willem"]
[Result "0-1"]
[WhiteElo "2133"]
[BlackElo "2455"]
[PlyCount "96"]
[EventDate "2016.02.05"]
[EventType "swiss"]
[EventRounds "6"]
[EventCountry "NED"]
[SourceTitle "CBM 170 Extra"]
[Source "ChessBase"]
[SourceDate "2016.02.25"]
[SourceVersion "1"]
[SourceVersionDate "2016.02.25"]
[SourceQuality "1"]

1. d4 d5 2. Nf3 Nf6 3. c4 c6 4. e3 Bf5 5. Nc3 e6 6. Qb3 Qb6 7. Be2 Nbd7 8. Bd2 Be7 9. 0-0 0-0 10. c5 Qc7 11. Nh4 Ng4 12. Nf3 e5 13. h3 Ngf6 14. Qd1 e4 15. Ne1 h6 16. b4 Rfe8 17. b5 Nf8 18. bxc6 bxc6 19. Ba6 Ng6 20. Qa4 Rab8 21. Ne2 Qd7 22. Kh2 Nh4 23. Rh1 Bd8 24. Kg1 Nh7 25. Kf1 g5 26. Ng1 Be6 27. Nc2 Bf5 28. Nb4 Re6 29. Rb1 Bg6 30. Rb3 f5 31. Be2 Be8 32. g3 Ng6 33. Ba6 h5 34. Ne2 h4 35. Kg2 Bc7 36. Nc2 Rxb3 37. Qxb3 Qf7 38. Rb1 Rf6 39. Ne1 hxg3 40. fxg3 f4 41. exf4 gxf4 42. Nxf4 Nxf4+ 43. Bxf4 Rxf4 44. gxf4 Qxf4 45. Bc8 Bh5 46. Bg4 Nf6 47. Bxh5 Nxh5 48. Qc3 Qh2+ 0-1

[Event "Dieren op"]
[Site "Dieren"]
[Date "2015.07.28"]
[Round "7"]
[White "Bus, Tom"]
[Black "Bakker, Guido"]
[Result "1-0"]
[WhiteElo "2153"]
[BlackElo "2117"]
[PlyCount "63"]
[EventDate "2015.07.21"]
[EventType "swiss"]
[EventRounds "9"]
[EventCountry "NED"]
[SourceTitle "CBM 167 Extra"]
[Source "ChessBase"]
[SourceDate "2015.09.14"]
[SourceVersion "1"]
[SourceVersionDate "2015.09.14"]
[SourceQuality "1"]

1. Nf3 Nf6 2. g3 g6 3. b3 Bg7 4. Bb2 0-0 5. Bg2 d6 6. d4 c6 7. 0-0 Nbd7 8. c4 Qc7 9. Nc3 a5 10. Qc2 e5 11. Rad1 Re8 12. dxe5 dxe5 13. Ba3 Bf8 14. Bxf8 Nxf8 15. Qd2 Bf5 16. Qg5 Kg7 17. h3 Ne4 18. Qe3 Nxc3 19. Qxc3 Be4 20. Ng5 Bxg2 21. Kxg2 c5 22. Rd5 b6 23. Rfd1 f6 24. Ne4 Re7 25. Qf3 f5 26. Nd6 Nd7 27. Nb5 Qb7 28. Rxd7 Rxd7 29. Rxd7+ Qxd7 30. Qxa8 Qd2 31. Qa7+ Kh6 32. Qe7 1-0

[Event "Dieren op"]
[Site "Dieren"]
[Date "2015.07.27"]
[Round "6"]
[White "Bakker, Guido"]
[Black "Kollen, Zyon"]
[Result "1/2-1/2"]
[WhiteElo "2117"]
[BlackElo "2220"]
[PlyCount "138"]
[EventDate "2015.07.21"]
[EventType "swiss"]
[EventRounds "9"]
[EventCountry "NED"]
[SourceTitle "CBM 167 Extra"]
[Source "ChessBase"]
[SourceDate "2015.09.14"]
[SourceVersion "1"]
[SourceVersionDate "2015.09.14"]
[SourceQuality "1"]

1. d4 e6 2. c4 Nf6 3. Nf3 b6 4. g3 Ba6 5. Qc2 Bb7 6. Bg2 c5 7. d5 exd5 8. cxd5 Bxd5 9. Nc3 Bc6 10. e4 d6 11. 0-0 Nbd7 12. Rd1 Qc7 13. Nd5 Qb7 14. Bg5 Bxd5 15. exd5 0-0-0 16. b4 Qc7 17. bxc5 dxc5 18. d6 Bxd6 19. Rxd6 Qxd6 20. Bf4 Qd5 21. Ng5 Qd4 22. Rd1 Qb4 23. Nxf7 Rde8 24. Nxh8 Rxh8 25. Qd3 Re8 26. Qd6 Re1+ 27. Bf1 Kd8 28. Qc7+ Ke8 29. Bd2 Rxf1+ 30. Kxf1 Qc4+ 31. Kg1 Qxa2 32. Bc3 Qa4 33. Qd6 Kf7 34. Re1 Qc2 35. Qe6+ Kg6 36. Be5 Nxe5 37. Rxe5 c4 38. h4 h6 39. Kg2 c3 40. g4 Kh7 41. Re3 b5 42. g5 Qg6 43. Rxc3 hxg5 44. hxg5 Qxg5+ 45. Rg3 Qc5 46. f4 Qc2+ 47. Kh3 Nh5 48. Rg4 Qc3+ 49. Kh4 Nf6 50. Rg3 Qc1 51. Kg5 Qc5+ 52. Qf5+ Qxf5+ 53. Kxf5 b4 54. Rh3+ Kg8 55. Rh1 Kf7 56. Ra1 g6+ 57. Ke5 Nd7+ 58. Kd4 Ke6 59. Rxa7 Nb6 60. Ra5 b3 61. Rb5 Nc8 62. Rxb3 Kf5 63. Ke3 Nd6 64. Rd3 Nf7 65. Ra3 g5 66. Ra5+ Kf6 67. Ra6+ Kf5 68. Ra5+ Kf6 69. Ke4 gxf4 1/2-1/2

[Event "Dieren op"]
[Site "Dieren"]
[Date "2015.07.23"]
[Round "3"]
[White "Maatman, Nick"]
[Black "Bakker, Guido"]
[Result "1/2-1/2"]
[WhiteElo "2266"]
[BlackElo "2117"]
[PlyCount "65"]
[EventDate "2015.07.21"]
[EventType "swiss"]
[EventRounds "9"]
[EventCountry "NED"]
[SourceTitle "CBM 167 Extra"]
[Source "ChessBase"]
[SourceDate "2015.09.14"]
[SourceVersion "1"]
[SourceVersionDate "2015.09.14"]
[SourceQuality "1"]

1. Nf3 Nf6 2. c4 g6 3. Nc3 Bg7 4. e4 d6 5. d4 0-0 6. Be2 Na6 7. 0-0 e5 8. Be3 Ng4 9. Bg5 Qe8 10. dxe5 dxe5 11. Nd2 h6 12. Bxg4 hxg5 13. Bxc8 Rxc8 14. Qe2 Qe7 15. Qe3 Ra8 16. Rfd1 c6 17. Nb3 b6 18. Rd2 Nc7 19. c5 Ne6 20. cxb6 axb6 21. Qxb6 Nd4 22. Qc5 Qe6 23. Rad1 Rfd8 24. Nxd4 exd4 25. Ne2 Qxe4 26. a3 Bf6 27. h3 Be7 28. Qc4 c5 29. b4 cxb4 30. axb4 Rab8 31. b5 Qd5 32. Qxd5 Rxd5 33. Rxd4 1/2-1/2

[Event "Bussum op 30th"]
[Site "Bussum"]
[Date "2013.05.19"]
[Round "3"]
[White "Bakker, Guido"]
[Black "Kossen, Johannes"]
[Result "1/2-1/2"]
[WhiteElo "2098"]
[BlackElo "1999"]
[PlyCount "34"]
[EventDate "2013.05.18"]
[EventType "swiss"]
[EventRounds "7"]
[EventCountry "NED"]
[SourceTitle "CBM 154 Extra"]
[Source "ChessBase"]
[SourceDate "2013.06.25"]
[SourceVersion "2"]
[SourceVersionDate "2013.06.25"]
[SourceQuality "1"]

1. Nf3 Nf6 2. d4 d5 3. g3 c5 4. c4 cxd4 5. Nxd4 e5 6. Nc2 Nc6 7. cxd5 Qxd5 8. Qxd5 Nxd5 9. Bg2 Be6 10. Bd2 Bc5 11. Nc3 Rd8 12. Nxd5 Bxd5 13. Bxd5 Rxd5 14. 0-0-0 Ke7 15. e3 Rc8 16. Bc3 Rxd1+ 17. Kxd1 b5 1/2-1/2

[Event "Bussum op 30th"]
[Site "Bussum"]
[Date "2013.05.19"]
[Round "5"]
[White "Bakker, Guido"]
[Black "Vistisen, Lars"]
[Result "1/2-1/2"]
[WhiteElo "2098"]
[BlackElo "2175"]
[PlyCount "103"]
[EventDate "2013.05.18"]
[EventType "swiss"]
[EventRounds "7"]
[EventCountry "NED"]
[SourceTitle "CBM 154 Extra"]
[Source "ChessBase"]
[SourceDate "2013.06.25"]
[SourceVersion "2"]
[SourceVersionDate "2013.06.25"]
[SourceQuality "1"]

1. e4 e5 2. Nf3 Nc6 3. d4 exd4 4. Nxd4 Nf6 5. Nc3 Bb4 6. Nxc6 bxc6 7. Bd3 d5 8. exd5 cxd5 9. Qe2+ Be7 10. 0-0 0-0 11. Nb5 Bg4 12. Qe3 c5 13. c4 a6 14. Na3 d4 15. Qg3 Rb8 16. h3 Bh5 17. f4 Nd7 18. Qf2 f5 19. Qc2 g6 20. g4 fxg4 21. hxg4 Bxg4 22. Bxg6 Nf6 23. Rf2 Kg7 24. Bd3 Rg8 25. Rh2 Kf8 26. Kf1 Qd7 27. f5 Qc6 28. Qf2 Qf3 29. Qxf3 Bxf3 30. Bf4 Rb6 31. Re1 h5 32. Be2 Bb7 33. b3 Ng4 34. Rxh5 Ne3+ 35. Bxe3 dxe3 36. Bd3 Bf3 37. Rh7 Bg5 38. Nc2 Rd6 39. Rh3 Rxd3 40. Rxf3 e2+ 41. Kf2 Bh4+ 42. Kxe2 Rxf3 43. Kxf3 Bxe1 44. Nxe1 Ke7 45. Nd3 Kd6 46. b4 cxb4 47. c5+ Kc6 48. Nxb4+ Kxc5 49. Nxa6+ Kd4 50. Nb4 Ke5 51. Nc6+ Kd6 52. Nd4 1/2-1/2

[Event "Bussum op 30th"]
[Site "Bussum"]
[Date "2013.05.18"]
[Round "2"]
[White "Slingerland, Fred"]
[Black "Bakker, Guido"]
[Result "1-0"]
[WhiteElo "2349"]
[BlackElo "2098"]
[PlyCount "135"]
[EventDate "2013.05.18"]
[EventType "swiss"]
[EventRounds "7"]
[EventCountry "NED"]
[SourceTitle "CBM 154 Extra"]
[Source "ChessBase"]
[SourceDate "2013.06.25"]
[SourceVersion "2"]
[SourceVersionDate "2013.06.25"]
[SourceQuality "1"]

1. e4 c5 2. Nf3 d6 3. d4 cxd4 4. Nxd4 Nf6 5. Nc3 g6 6. Be3 Bg7 7. f3 Nc6 8. Qd2 0-0 9. 0-0-0 d5 10. Kb1 Nxd4 11. e5 Nf5 12. exf6 exf6 13. Nxd5 Nxe3 14. Qxe3 Be6 15. Bc4 f5 16. c3 Qh4 17. f4 Bxd5 18. Rxd5 Rfe8 19. Qd2 Rad8 20. a3 Qe7 21. Rd1 Bf6 22. Ka1 b6 23. Qc2 Rxd5 24. Bxd5 Qe3 25. Qd2 h5 26. Qxe3 Rxe3 27. Bf3 h4 28. h3 a5 29. Ka2 Re6 30. Kb3 Be7 31. Kc4 Bc5 32. Kb5 Kf8 33. b4 axb4 34. cxb4 Be3 35. Bc6 Bf2 36. Rd2 Bg1 37. Rd8+ Kg7 38. Rd7 Re3 39. Ra7 Kf6 40. Bd5 Re7 41. Ra6 Rd7 42. Bc6 Rd3 43. a4 Rd4 44. Bf3 Ke7 45. Ra7+ Ke6 46. Rb7 Rxf4 47. a5 bxa5 48. bxa5 Rd4 49. Rb8 Rd2 50. Re8+ Kf6 51. Re1 Bd4 52. a6 Ra2 53. Bd5 Rd2 54. Rc1 Bb2 55. Rc6+ Ke5 56. Bxf7 g5 57. a7 Rd8 58. Re6+ Kf4 59. Re8 Bd4 60. Rxd8 Bxa7 61. Be6 Kg3 62. Bxf5 Kxg2 63. Kc4 Kg3 64. Bg4 Be3 65. Kd3 Bf4 66. Ke4 Bc7 67. Rd3+ Kg2 68. Kf5 1-0

[Event "Bussum op 29th"]
[Site "Bussum"]
[Date "2012.05.28"]
[Round "7.4"]
[White "Bakker, Guido"]
[Black "Visser, Henk Jan"]
[Result "0-1"]
[WhiteElo "2089"]
[BlackElo "2234"]
[PlyCount "98"]
[EventDate "2012.05.25"]
[EventType "swiss"]
[EventRounds "7"]
[EventCountry "NED"]
[SourceTitle "CBM 148 Extra"]
[Source "ChessBase"]
[SourceDate "2012.06.22"]
[SourceVersion "1"]
[SourceVersionDate "2012.06.22"]
[SourceQuality "1"]

1. e4 c5 2. Ne2 Nf6 3. Nbc3 d6 4. d4 cxd4 5. Nxd4 a6 6. Be3 e5 7. Nb3 Be7 8. h3 Be6 9. Qf3 Nbd7 10. g4 Nb6 11. g5 Nfd7 12. h4 Rc8 13. Bh3 Bxh3 14. Qxh3 Nc4 15. 0-0-0 Ndb6 16. Bxb6 Nxb6 17. Nd5 0-0 18. Kb1 Nxd5 19. Rxd5 Qb6 20. Qf5 Qd8 21. Rd3 Rc7 22. Rhh3 g6 23. Qf3 f6 24. h5 fxg5 25. Qe2 Qe8 26. Nd2 Rf4 27. hxg6 Qxg6 28. Rdg3 g4 29. Rh2 Bf8 30. b3 Rg7 31. Re3 h5 32. Nc4 Rgf7 33. Nb6 Bh6 34. Nd5 Kg7 35. Rg2 Bg5 36. Nc3 Rf3 37. Rd3 R7f4 38. Kb2 Kh7 39. a4 Bd8 40. Rh2 Ba5 41. Nd5 Rxe4 42. Qf1 Re1 43. Qg2 Rxd3 44. cxd3 Kg7 45. Qg3 Qf7 46. Ne3 Re2+ 47. Ka3 Bb6 48. Nc4 Bxf2 49. Rxf2 Qxf2 0-1

[Event "Bussum op 29th"]
[Site "Bussum"]
[Date "2012.05.26"]
[Round "3.5"]
[White "Mellema, Andries"]
[Black "Bakker, Guido"]
[Result "0-1"]
[WhiteElo "2167"]
[BlackElo "2089"]
[PlyCount "66"]
[EventDate "2012.05.25"]
[EventType "swiss"]
[EventRounds "7"]
[EventCountry "NED"]
[SourceTitle "CBM 148 Extra"]
[Source "ChessBase"]
[SourceDate "2012.06.22"]
[SourceVersion "1"]
[SourceVersionDate "2012.06.22"]
[SourceQuality "1"]

1. e4 c5 2. Nf3 d6 3. Nc3 g6 4. d4 cxd4 5. Nxd4 Nf6 6. Be3 Bg7 7. h3 Nc6 8. Bc4 0-0 9. Bb3 Na5 10. 0-0 b6 11. Qd3 Bb7 12. f4 Nxb3 13. axb3 a6 14. Nde2 b5 15. Bd4 Rc8 16. Rac1 Qc7 17. Rfd1 e5 18. Be3 b4 19. fxe5 dxe5 20. Nd5 Nxd5 21. exd5 e4 22. Qxe4 Bxb2 23. Bf4 Qc5+ 24. Be3 Qb5 25. Nd4 Qxd5 26. Qxd5 Bxd5 27. Rb1 Rfe8 28. Bh6 Bc3 29. Nf5 Be4 30. Ne3 Bg7 31. Bxg7 Kxg7 32. Rd2 Rc3 33. Kf2 Rxe3 0-1

[Event "Dieren op"]
[Site "Dieren"]
[Date "2011.07.28"]
[Round "9"]
[White "Bakker, Guido"]
[Black "Beukema, Stefan"]
[Result "0-1"]
[WhiteElo "2088"]
[BlackElo "2209"]
[PlyCount "66"]
[EventDate "2011.07.19"]
[EventType "swiss"]
[EventRounds "9"]
[EventCountry "NED"]
[SourceTitle "CBM 143 Extra"]
[Source "ChessBase"]
[SourceDate "2011.08.29"]
[SourceVersion "1"]
[SourceVersionDate "2011.08.29"]
[SourceQuality "1"]

1. c4 Nf6 2. g3 g6 3. Bg2 Bg7 4. Nc3 0-0 5. Nf3 d6 6. 0-0 e5 7. d3 Nc6 8. a3 Nd7 9. Rb1 Nc5 10. b4 Ne6 11. Nd2 Ne7 12. a4 f5 13. Qc2 c6 14. Ba3 a6 15. Rfc1 Bh6 16. e3 f4 17. Re1 Nf5 18. Nf1 f3 19. Bh1 g5 20. h3 g4 21. hxg4 Nfg7 22. Nh2 Ng5 23. Ne4 N7e6 24. Nd2 Nh3+ 25. Kf1 Neg5 26. Ndxf3 Qf6 27. Bg2 Nxf3 28. Bxf3 Bxg4 29. Kg2 Bxf3+ 30. Kxh3 Qe6+ 31. g4 Bxg4+ 32. Kh4 Qg6 33. Nxg4 Rf3 0-1

[Event "Bussum op 28th"]
[Site "Bussum"]
[Date "2011.06.12"]
[Round "4"]
[White "Veltman, Jelmer"]
[Black "Bakker, Guido"]
[Result "1-0"]
[WhiteElo "2195"]
[BlackElo "2085"]
[PlyCount "71"]
[EventDate "2011.06.10"]
[EventType "swiss"]
[EventRounds "7"]
[EventCountry "NED"]
[SourceTitle "CBM 142 Extra"]
[Source "ChessBase"]
[SourceDate "2011.06.27"]
[SourceVersion "1"]
[SourceVersionDate "2011.06.27"]
[SourceQuality "1"]

1. Nf3 Nf6 2. c4 g6 3. b4 Bg7 4. Bb2 0-0 5. g3 d6 6. Bg2 Nbd7 7. 0-0 c6 8. Nc3 Qc7 9. d3 e5 10. Rb1 Re8 11. b5 Nf8 12. Nd2 Be6 13. bxc6 bxc6 14. Qa4 Rec8 15. Ba3 a5 16. Rb3 Bd7 17. Nde4 Ne8 18. Rfb1 Ra7 19. Rb6 f5 20. Nd2 e4 21. Qb3 Bd4 22. c5+ Be6 23. Nc4 Qf7 24. cxd6 Nd7 25. Rb7 Rxb7 26. Qxb7 Rb8 27. Qxc6 Bxc3 28. Rxb8 Nxb8 29. Qb5 Nd7 30. Nxa5 exd3 31. exd3 Bxa5 32. Qxa5 Nef6 33. Bb2 Bxa2 34. Qa8+ Nf8 35. Bxf6 Be6 36. Be7 1-0

[Event "Leiden SB-ch"]
[Site "Leiden"]
[Date "2008.06.17"]
[Round "5"]
[White "Agaian, Jura"]
[Black "Bakker, Guido"]
[Result "1/2-1/2"]
[WhiteElo "1840"]
[BlackElo "1805"]
[PlyCount "82"]
[EventDate "2008.05.20"]
[EventType "swiss"]
[EventRounds "7"]
[EventCountry "NED"]
[SourceTitle "EXT 2012"]
[Source "ChessBase"]
[SourceDate "2011.11.24"]
[SourceVersion "1"]
[SourceVersionDate "2011.11.24"]
[SourceQuality "1"]

1. e4 c5 2. Nf3 d6 3. d4 cxd4 4. Nxd4 Nf6 5. Nc3 g6 6. Be3 Bg7 7. Be2 Nc6 8. Qd2 0-0 9. f3 d5 10. Nxc6 bxc6 11. e5 Ne8 12. f4 Qc7 13. h4 f6 14. h5 fxe5 15. hxg6 hxg6 16. fxe5 Qxe5 17. 0-0-0 Nf6 18. Bd4 Qg3 19. Bd3 Ng4 20. Bxg7 Kxg7 21. Rde1 e5 22. Nd1 Qf4 23. Ne3 Nxe3 24. Rxe3 Bg4 25. Rxe5 Qxe5 26. Qh6+ Kf6 27. Qxg6+ Ke7 28. Qxg4 Qf4+ 29. Qxf4 Rxf4 30. Rh7+ Kd6 31. Rg7 a5 32. g4 a4 33. g5 Rf2 34. Rh7 Rg8 35. g6 c5 36. b3 Rf4 37. Ra7 axb3 38. axb3 c4 39. Ra4 Rg4 40. bxc4 dxc4 41. Bxc4 R8xg6 1/2-1/2

[Event "Leiden SB-ch"]
[Site "Leiden"]
[Date "2008.06.10"]
[Round "4"]
[White "Bakker, Guido"]
[Black "Rams, C."]
[Result "1-0"]
[WhiteElo "1805"]
[BlackElo "1679"]
[PlyCount "47"]
[EventDate "2008.05.20"]
[EventType "swiss"]
[EventRounds "7"]
[EventCountry "NED"]
[SourceTitle "EXT 2012"]
[Source "ChessBase"]
[SourceDate "2011.11.24"]
[SourceVersion "1"]
[SourceVersionDate "2011.11.24"]
[SourceQuality "1"]

1. e4 e6 2. d4 d5 3. Nc3 Bb4 4. e5 c5 5. a3 cxd4 6. axb4 dxc3 7. Nf3 f6 8. Bd3 Nc6 9. bxc3 fxe5 10. b5 e4 11. bxc6 exd3 12. cxb7 Bxb7 13. cxd3 Ne7 14. Qe2 Qc8 15. 0-0 Ng6 16. Ba3 h6 17. Nd4 e5 18. Nb5 Kd8 19. Nd6 Qd7 20. Qh5 Nf4 21. Qxe5 Nxg2 22. Kxg2 d4+ 23. Nxb7+ Qxb7+ 24. Qe4 1-0

[Event "Twente Young Master op-A"]
[Site "Twente"]
[Date "2007.08.10"]
[Round "8"]
[White "Bakker, Guido"]
[Black "Van der Linden, Ronald"]
[Result "1/2-1/2"]
[WhiteElo "1862"]
[BlackElo "1688"]
[PlyCount "28"]
[EventDate "2007.08.06"]
[EventType "swiss"]
[EventRounds "9"]
[EventCountry "NED"]
[SourceTitle "EXT 2008"]
[Source "ChessBase"]
[SourceDate "2007.11.25"]
[SourceVersion "1"]
[SourceVersionDate "2007.11.25"]
[SourceQuality "1"]

1. e4 Nf6 2. e5 Nd5 3. d4 d6 4. c4 Nb6 5. Nf3 Bg4 6. exd6 cxd6 7. Be2 e6 8. 0-0 Be7 9. Qc2 Nc6 10. Rd1 a5 11. Be3 Bf5 12. Qb3 a4 13. Qc3 Bf6 14. Qa3 d5 1/2-1/2

[Event "Twente Young Master op-A"]
[Site "Twente"]
[Date "2007.08.08"]
[Round "5"]
[White "Bakker, Guido"]
[Black "Kerkhof, Michel"]
[Result "1/2-1/2"]
[WhiteElo "1862"]
[BlackElo "1700"]
[PlyCount "44"]
[EventDate "2007.08.06"]
[EventType "swiss"]
[EventRounds "9"]
[EventCountry "NED"]
[SourceTitle "EXT 2008"]
[Source "ChessBase"]
[SourceDate "2007.11.25"]
[SourceVersion "1"]
[SourceVersionDate "2007.11.25"]
[SourceQuality "1"]

1. e4 e6 2. d4 d5 3. Nc3 dxe4 4. Nxe4 Nd7 5. Nf3 Ngf6 6. Bd3 Nxe4 7. Bxe4 Nf6 8. Bd3 c5 9. Bg5 Be7 10. dxc5 Qa5+ 11. c3 Qxc5 12. Qc2 b6 13. b4 Qc7 14. Rd1 Bb7 15. 0-0 h6 16. Bb5+ Bc6 17. Bxc6+ Qxc6 18. Nd4 Qb7 19. Qa4+ b5 20. Nxb5 0-0 21. Bh4 Qc6 22. Bxf6 gxf6 1/2-1/2

[Event "Hengelo U16 op"]
[Site "Hengelo"]
[Date "2005.08.11"]
[Round "6"]
[White "Goudriaan, Etienne"]
[Black "Bakker, Guido"]
[Result "1/2-1/2"]
[WhiteElo "1803"]
[BlackElo "1802"]
[PlyCount "85"]
[EventDate "2005.08.??"]
[EventType "swiss"]
[EventRounds "9"]
[EventCountry "NED"]
[SourceTitle "CBM 107 Extra"]
[Source "ChessBase"]
[SourceDate "2005.09.01"]
[SourceVersion "1"]
[SourceVersionDate "2005.09.01"]
[SourceQuality "1"]

1. d4 f5 2. e4 fxe4 3. Nc3 Nf6 4. Bg5 Nc6 5. d5 Ne5 6. Qd4 Nf7 7. Bh4 b6 8. 0-0-0 Bb7 9. Re1 e5 10. Bxf6 exd4 11. Bxd8 Kxd8 12. Nxe4 Bxd5 13. Bd3 Bb4 14. Re2 Ne5 15. a3 Nxd3+ 16. cxd3 Be7 17. Nf3 c5 18. Rhe1 h6 19. Ne5 Kc7 20. Ng6 Rhe8 21. Nxe7 Rxe7 22. Nf6 Rxe2 23. Nxd5+ Kd6 24. Rxe2 Kxd5 25. Re7 d6 26. Rxg7 Rf8 27. f3 c4 28. Kd2 Rf6 29. Rxa7 Rg6 30. g3 Re6 31. f4 cxd3 32. Kxd3 Re3+ 33. Kd2 Rb3 34. Kc1 Rf3 35. Re7 Rf2 36. h3 d3 37. Re3 Kd4 38. Re6 d5 39. Rxb6 Rf1+ 40. Kd2 Rf2+ 41. Ke1 Rh2 42. a4 Rh1+ 43. Kd2 1/2-1/2

[Event "Hengelo U16 op"]
[Site "Hengelo"]
[Date "2005.08.08"]
[Round "1"]
[White "Bakker, Guido"]
[Black "Hickendorff, Tim"]
[Result "1-0"]
[WhiteElo "1802"]
[BlackElo "1475"]
[PlyCount "57"]
[EventDate "2005.08.??"]
[EventType "swiss"]
[EventRounds "9"]
[EventCountry "NED"]
[SourceTitle "CBM 107 Extra"]
[Source "ChessBase"]
[SourceDate "2005.09.01"]
[SourceVersion "1"]
[SourceVersionDate "2005.09.01"]
[SourceQuality "1"]

1. e4 c5 2. Nf3 Nc6 3. d4 cxd4 4. Nxd4 Nf6 5. Nc3 d6 6. Be3 Bd7 7. f3 g6 8. Qd2 Bg7 9. 0-0-0 0-0 10. Bh6 Nxd4 11. Bxg7 Kxg7 12. Qxd4 Qa5 13. Bc4 Rac8 14. Bb3 Kg8 15. g4 a6 16. h4 h5 17. Nd5 Nxd5 18. exd5 hxg4 19. fxg4 Qd8 20. h5 g5 21. Qe3 f6 22. h6 Rf7 23. Qe4 Qf8 24. Qg6+ Kh8 25. Rd4 Rh7 26. c3 Be8 27. Qf5 Rc7 28. Rd2 Rxh6 29. Rdh2 1-0